000 00570nam a2200193Ia 4500
003 OSt
005 20250723124125.0
008 210210b1996 xxu||||| |||| 00| 0 eng d
040 _cAL
041 _aKannada
082 _aK894.308 KARS
100 _aKARNATAKA SAHITYA AKADEMI.
_dಕರ್ನಾಟಕ ಸಾಹಿತ್ಯ ಅಕಾಡೆಮಿ.
_9219818
245 _aSanna kathe 1995
_bಸಣ್ಣ ಕಥೆ
260 _aBengaluru
_bKarnataka Sahitya Akademi
_c1996
300 _a240
690 _aKannada Fiction
_9219819
906 _a054070
942 _2ddc
_cBK
999 _c102230
_d102230